00315nam a2200121Ia 4500100003500000650002500035654001800060245005300078260002400131082001800155300000800173546001200181 aHuckin/Thomas N/ Olsen/Leslie  aCommunication skills acommunication aTechnical writing and professional communication bMcGraw - Hillc1991 a808.0666bHUC a746 aENGLISH